| 000 | 00835nam a2200193 i 4500 | ||
|---|---|---|---|
| 001 | 158214 | ||
| 003 | ES-MaACL | ||
| 005 | 20230906211047.0 | ||
| 008 | 021111s1892 sp |||| | spa d | ||
| 100 | 1 |
_aLucini, Eduardo. _9129127 |
|
| 245 | 1 | 3 |
_aLa factoría de Río de Oro / _cconferencia leída por Eduardo Lucini ante la Sociedad Geográfica de Madrid en la sesión pública del 12 de abril de 1892. |
| 260 |
_aMadrid : _b[s.n.], _c1892 ( _fEstab. Tip. de Fortanet) |
||
| 300 |
_a34 p. ; _c24 cm. |
||
| 610 | 2 | 4 |
_aCompañia Mercantil Hispano Africana. _9167756 |
| 650 | 4 |
_aComercio- _zSahara Occidental. _9167757 |
|
| 651 | 4 |
_aSahara Occidental- _xColonización. _9167758 |
|
| 710 | 2 |
_aSociedad Geográfica de Madrid. _96775 |
|
| 852 |
_aES-MaACL _jT-695-F-8 _z- Enc. hol., conservando cub. original _z- Enc. en un vol. facticio |
||
| 999 |
_c158214 _d158214 |
||